000
00208 a2200097 4500
001
23626
100
_a
Hammersby, J.M
245
_a
Monte Carlo methods
260
_a
_b
Macmillan
_c
1967
090
_c
16008
_d
16008
942
_a
NUST-CAE
_c
M
_c
6679
999
_c
258699
_d
258699